[Event "Ruhrgebiet Bezirksliga 15/16"]
[Site "Ruhrgebiet"]
[Date "2016.02.28"]
[Round "8.7"]
[White "Meschede, Hubert"]
[Black "Watzlawek, Volker"]
[Result "1/2-1/2"]
[WhiteElo "1575"]
[BlackElo "1613"]
[PlyCount "52"]
[EventDate "2015.08.30"]
[EventType "team-tourn"]
[EventRounds "9"]
[EventCountry "GER"]
[SourceTitle "EXT 2022"]
[Source "ChessBase"]
[SourceDate "2021.10.06"]
[SourceVersion "1"]
[SourceVersionDate "2021.10.06"]
[SourceQuality "1"]
[WhiteTeam "Kamen SV IV"]
[BlackTeam "Unna SV"]
[WhiteTeamCountry "GER"]
[BlackTeamCountry "GER"]

1. Nf3 d5 2. g3 Nf6 3. Bg2 Bf5 4. d3 h6 5. Nbd2 Nc6 6. 0-0 e5 7. Nh4 Be6 8. e4 Qd7 9. exd5 Bxd5 10. Ne4 Be7 11. Nxf6+ Bxf6 12. Bxd5 Qxd5 13. Qf3 Qd7 14. Nf5 0-0-0 15. Be3 g5 16. Rab1 h5 17. b4 g4 18. Qe4 Rdg8 19. b5 Nd4 20. Nxd4 exd4 21. Bf4 Re8 22. Qg2 h4 23. Rfc1 hxg3 24. Bxg3 Be5 25. Re1 Bxg3 26. Rxe8+ Qxe8 1/2-1/2

[Event "Dortmund Kleiner Koenig VM-A"]
[Site "Dortmund"]
[Date "2004.03.23"]
[Round "7"]
[White "Watzlawek, Volker"]
[Black "Yanik, Mehmet"]
[Result "1/2-1/2"]
[WhiteElo "1743"]
[BlackElo "1965"]
[PlyCount "82"]
[EventDate "2004.01.27"]
[EventType "tourn"]
[EventRounds "13"]
[EventCountry "GER"]
[SourceTitle "EXT 2006"]
[Source "ChessBase"]
[SourceDate "2005.11.24"]
[SourceVersion "1"]
[SourceVersionDate "2005.11.24"]
[SourceQuality "1"]

1. e4 c5 2. g3 Nc6 3. Bg2 d6 4. f4 g6 5. Nf3 Bg7 6. Nc3 e6 7. 0-0 Nge7 8. d3 Rb8 9. a4 a6 10. Be3 b5 11. axb5 axb5 12. d4 d5 13. exd5 exd5 14. Ne5 b4 15. Nxc6 Nxc6 16. Nxd5 Nxd4 17. Ra7 0-0 18. Ne7+ Kh8 19. c3 bxc3 20. bxc3 Nb5 21. Qxd8 Rxd8 22. Nxc8 Rbxc8 23. Rxf7 Rd3 24. Bh3 Rf8 25. Rxf8+ Bxf8 26. c4 Na3 27. Bf2 Nxc4 28. Rc1 Nd2 29. Bf1 Rd8 30. Be1 Nxf1 31. Kxf1 Kg7 32. Bc3+ Kf7 33. Ke2 Ke6 34. Ke3 Kf5 35. h3 h5 36. Rg1 c4 37. g4+ Ke6 38. Ke4 Bc5 39. f5+ Kf7 40. fxg6+ Kxg6 41. Rf1 hxg4 1/2-1/2

[Event "Dortmund Kleiner Koenig VM-A"]
[Site "Dortmund"]
[Date "2004.03.02"]
[Round "5"]
[White "Watzlawek, Volker"]
[Black "Didion, Ralf"]
[Result "1-0"]
[WhiteElo "1743"]
[BlackElo "1621"]
[PlyCount "129"]
[EventDate "2004.01.27"]
[EventType "tourn"]
[EventRounds "13"]
[EventCountry "GER"]
[SourceTitle "EXT 2006"]
[Source "ChessBase"]
[SourceDate "2005.11.24"]
[SourceVersion "1"]
[SourceVersionDate "2005.11.24"]
[SourceQuality "1"]

1. e4 e5 2. Nf3 Nc6 3. d4 exd4 4. Nxd4 d6 5. Bb5 Bd7 6. Nc3 Nf6 7. f3 Nxd4 8. Qxd4 Bxb5 9. Nxb5 a6 10. Nc3 Be7 11. Bg5 0-0 12. h4 h6 13. Bd2 Nd7 14. Qf2 Ne5 15. 0-0-0 Nc4 16. Bf4 Bf6 17. Qe1 Be5 18. Bxe5 Nxe5 19. Nd5 c6 20. Nf4 Qf6 21. Nh5 Qg6 22. Nf4 Qf6 23. Nh5 Qg6 24. Ng3 Rfd8 25. Nf5 Qe6 26. Qg3 Qf6 27. Rd4 d5 28. Rhd1 Kh7 29. Ne3 Qd6 30. Qf2 Qe6 31. exd5 cxd5 32. Nxd5 Rac8 33. Nc7 Qb6 34. Qe3 Qxc7 35. Qe4+ Kg8 36. Rxd8+ Rxd8 37. Rxd8+ Qxd8 38. Qxe5 Qd7 39. h5 Qc6 40. Qe4 Qb5 41. g4 Qf1+ 42. Kd2 Qb5 43. Qd4 Qa5+ 44. Qc3 Qd5+ 45. Kc1 Qe6 46. b3 Qd5 47. Qc8+ Kh7 48. Qf5+ Qxf5 49. gxf5 g6 50. fxg6+ fxg6 51. Kd2 gxh5 52. Ke3 Kg6 53. Kf4 Kf6 54. c4 Ke6 55. c5 Kd5 56. b4 Kc4 57. a3 Kd4 58. Kg3 a5 59. Kh4 axb4 60. axb4 Kc4 61. f4 Kxb4 62. f5 Kxc5 63. Kxh5 Kd6 64. Kg6 Ke7 65. Kg7 1-0

[Event "Dortmund Kleiner Koenig VM-A"]
[Site "Dortmund"]
[Date "2004.02.24"]
[Round "4"]
[White "Voeller, Lothar"]
[Black "Watzlawek, Volker"]
[Result "1/2-1/2"]
[WhiteElo "1612"]
[BlackElo "1743"]
[PlyCount "101"]
[EventDate "2004.01.27"]
[EventType "tourn"]
[EventRounds "13"]
[EventCountry "GER"]
[SourceTitle "EXT 2006"]
[Source "ChessBase"]
[SourceDate "2005.11.24"]
[SourceVersion "1"]
[SourceVersionDate "2005.11.24"]
[SourceQuality "1"]

1. e4 e5 2. Bc4 Nf6 3. Nc3 Bc5 4. f4 d6 5. Nf3 Nc6 6. d3 h6 7. Na4 Bb6 8. fxe5 dxe5 9. Nxb6 axb6 10. Bd2 Bg4 11. Bb3 Qe7 12. h3 Bxf3 13. Qxf3 Nd4 14. Qd1 Qc5 15. c3 Nxb3 16. Qxb3 0-0 17. 0-0-0 Rfd8 18. Rhf1 Rxd3 19. Bxh6 Rxd1+ 20. Kxd1 Qc6 21. Bg5 Qd7+ 22. Kc1 Nxe4 23. Be3 Nf6 24. g4 Qa4 25. Qxa4 Rxa4 26. a3 Re4 27. Bg5 Ne8 28. Rd1 f6 29. Rd8 Kf7 30. Bd2 Ke7 31. Rb8 Nd6 32. Rg8 Ne8 33. Kc2 Kf7 34. Rh8 Re2 35. Kd3 Rg2 36. c4 Nd6 37. b4 Rg3+ 38. Be3 Nxc4 39. Kxc4 Rxe3 40. Rc8 Rxa3 41. Rxc7+ Kg6 42. h4 Ra7 43. Kb5 e4 44. Kxb6 Ra3 45. b5 f5 46. h5+ Kf6 47. gxf5 e3 48. Kxb7 e2 49. Rc1 Kxf5 50. b6 Kf4 51. Kc7 1/2-1/2

[Event "Dortmund Kleiner Koenig VM-A"]
[Site "Dortmund"]
[Date "2004.02.17"]
[Round "3"]
[White "Romczik, Detlef"]
[Black "Watzlawek, Volker"]
[Result "1/2-1/2"]
[WhiteElo "1996"]
[BlackElo "1743"]
[PlyCount "85"]
[EventDate "2004.01.27"]
[EventType "tourn"]
[EventRounds "13"]
[EventCountry "GER"]
[SourceTitle "EXT 2006"]
[Source "ChessBase"]
[SourceDate "2005.11.24"]
[SourceVersion "1"]
[SourceVersionDate "2005.11.24"]
[SourceQuality "1"]

1. Nf3 d5 2. d4 e6 3. Bg5 f6 4. Bd2 f5 5. c4 Nf6 6. Nc3 c6 7. Bg5 Bd6 8. e3 0-0 9. Bd3 b6 10. Rc1 Ba6 11. cxd5 cxd5 12. Bxa6 Nxa6 13. 0-0 Qd7 14. Bxf6 gxf6 15. Qa4 Qxa4 16. Nxa4 Rac8 17. Nc3 Nc7 18. Rc2 Rfd8 19. Rfc1 Ne8 20. Kf1 Kf7 21. Ke2 Bf8 22. Nb5 Rxc2+ 23. Rxc2 a6 24. Nc3 Nd6 25. Ne1 Rc8 26. Na4 Rxc2+ 27. Nxc2 Nc8 28. Kd3 Ke8 29. f3 Kd7 30. Nc3 Kc6 31. e4 fxe4+ 32. fxe4 dxe4+ 33. Nxe4 f5 34. Ng5 Kd7 35. Ne3 Be7 36. Nf3 Nd6 37. d5 Bf6 38. dxe6+ Kxe6 39. b3 Nf7 40. Nc4 b5 41. Ne3 Ne5+ 42. Nxe5 Bxe5 43. h3 1/2-1/2

[Event "Dortmund op-B"]
[Site "Dortmund"]
[Date "2003.08.02"]
[Round "2"]
[White "Volkov, Mykyta"]
[Black "Watzlawek, Volker"]
[Result "1/2-1/2"]
[WhiteElo "1852"]
[BlackElo "1680"]
[PlyCount "40"]
[EventDate "2003.08.01"]
[EventType "swiss"]
[EventRounds "9"]
[EventCountry "GER"]
[SourceTitle "CBM 095 Extra"]
[Source "ChessBase"]
[SourceDate "2003.09.04"]
[SourceVersion "1"]
[SourceVersionDate "2003.09.04"]
[SourceQuality "1"]

1. d4 d5 2. c4 e6 3. Nc3 f5 4. Nf3 Nf6 5. Bg5 c5 6. e3 Bd6 7. Ne5 0-0 8. Bd3 Qe8 9. Qe2 Bxe5 10. dxe5 Ng4 11. Bf4 Nd7 12. cxd5 Ndxe5 13. h3 Nxd3+ 14. Qxd3 e5 15. hxg4 exf4 16. 0-0-0 fxe3 17. Rde1 Qg6 18. fxe3 Bd7 19. Qc4 Qxg4 20. b3 f4 1/2-1/2